00330nam a2200109Ia 4500008004000000082001500040100002300055245005400078260005500132300001400187650001900201210210b1990 xxu||||| |||| 00| 0 eng d a225.7 BARD aBARCLAY (William). aDaily study bible:Gospel of Matthew.V1 Chap 1-10. aBangalorebTheological Publications in Indiac1990 axi,400,iv aGospel Matthew